000
00298nam a22001217a 4500
020
_a
NA
082
_2
22
_a
650.1
100
_a
Morgenstern, Julie.
245
_a
Time management from the inside out /
260
_b
A Owl Book Henry Hoit and Company,
_c
c2000.
300
_a
0
_b
ill. ;
942
_2
ddc
_c
MAG
999
_c
4097
_d
4097